Nacionalizmus
Elmentve itt :
| Szerző: | |
|---|---|
| Dokumentumtípus: | Cikk |
| Megjelent: |
1969-05-18
|
| Sorozat: | Délmagyarország
59 No. 112 |
| Kulcsszavak: | Magyar irodalom novella |
| Online Access: | http://dmarchiv.bibl.u-szeged.hu/62917 |
| LEADER | 00438nab a2200157 i 4500 | ||
|---|---|---|---|
| 001 | delm62917 | ||
| 005 | 20180927151253.0 | ||
| 008 | 180927s1969 hu o 0|| hun d | ||
| 040 | |a SZTE Délmagyarország Archívum |b hun | ||
| 041 | |a hun | ||
| 100 | 1 | |a Papp Zoltán | |
| 245 | 1 | 0 | |a Nacionalizmus |h [elektronikus dokumentum] / |c Papp Zoltán |
| 260 | |c 1969-05-18 | ||
| 300 | |a 5 | ||
| 490 | 0 | |a Délmagyarország |v 59 No. 112 | |
| 695 | |a Magyar irodalom novella | ||